Revista Universitaria : (Record no. 21773)

000 -CABECERA
fixed length control field 01646nam a22002897a 4500
003 - IDENTIFICADOR DEL NÚMERO DE CONTROL
control field AR-CdUCM
008 - DATOS DE LONGITUD FIJA--INFORMACIÓN GENERAL
fixed length control field 190425b ||||| |||| 00| 0 spa d
040 ## - FUENTE DE LA CATALOGACIÓN
Agencia/entidad que catalogó originalmente la obra MUNICIPALIDAD PROVINCIAL DEL CUSCO
Entidad que transcribió la catalogación BIBLIOTECA MUNICIPAL DEL CUSCO
082 ## - NÚMERO DE LA CLASIFICACIÓN DECIMAL DEWEY
No. de Clasificación Rev.Univ/N°119/1960
110 ## - ENTRADA PRINCIPAL--NOMBRE DE ENTIDAD CORPORATIVA
Nombre de la institución, jurisdicción como entrada principal Universidad Nacional de San Antonio Abad del Cusco
9 (RLIN) 15942
245 ## - MENCIÓN DE TÍTULO
Título Revista Universitaria :
Resto del título Órgano de la Universidad del Cuzco /
260 ## - PUBLICACIÓN, DISTRIBUCIÓN, ETC.
Lugar de publicación, distribución, etc. Cusco :
Nombre de la editorial, distribuidor, etc. H.G. Rozas,
Fecha de publicación, distribución, etc. 1960.
300 ## - DESCRIPCIÓN FÍSICA
Nº de Páginas Extensión 408 páginas. :
Dimensiones 20 cm.
440 ## - MENCIÓN DE SERIE/PUNTO DE ACCESO ADICIONAL--TÍTULO
Título Revista Universitaria
Número de la parte/sección de una obra Año XLIX, 2° semestre 1960, N°119.
9 (RLIN) 46035
505 ## - NOTA DE CONTENIDO CON FORMATO
Nota de contenido formateada Contenido: Homenaje a Alberto Giesecke. -- Números índices mensuales de artículos de primera necesidad para la provincia del Cuzco. Gustavo Núeñez del Prado. -- Un comentario de la realidad penitenciaria del Perú y la necesidad de crear nuevos establecimientos penales. Ricardo Angulo Monge. -- Fenomenología de la creación poética. José Armando Tamayo. -- El proyecto de antropología aplicada del Cuzco. Eduardo Marmanillo. -- Un mapa regional en litoescultura. Emilio Harth Terre. -- Extracto y versión paleográfica del segundo libro del cabildo. Jesús Manuel Covarrubias Pozo.
650 ## - PUNTO DE ACCESO ADICIONAL DE MATERIA--TÉRMINO DE MATERIA
Descriptor Antropología cusqueña
9 (RLIN) 45862
650 ## - PUNTO DE ACCESO ADICIONAL DE MATERIA--TÉRMINO DE MATERIA
Descriptor Pucara
9 (RLIN) 46036
650 ## - PUNTO DE ACCESO ADICIONAL DE MATERIA--TÉRMINO DE MATERIA
Descriptor Libro de Cabildo Cusco
9 (RLIN) 46037
650 ## - PUNTO DE ACCESO ADICIONAL DE MATERIA--TÉRMINO DE MATERIA
Descriptor Alberto Giesecke
9 (RLIN) 46038
700 ## - PUNTO DE ACCESO ADICIONAL--NOMBRE DE PERSONA
Nombre Personal Harth Terre, Emilio
9 (RLIN) 46011
700 ## - PUNTO DE ACCESO ADICIONAL--NOMBRE DE PERSONA
Nombre Personal Núñez del Prado, Oscar
9 (RLIN) 5531
700 ## - PUNTO DE ACCESO ADICIONAL--NOMBRE DE PERSONA
Nombre Personal Tamayo Herrera, José
9 (RLIN) 11513
700 ## - PUNTO DE ACCESO ADICIONAL--NOMBRE DE PERSONA
Nombre Personal Núñez del Prado, Gustavo
9 (RLIN) 24114
710 ## - PUNTO DE ACCESO ADICIONAL--NOMBRE DE ENTIDAD CORPORATIVA
Nombre corporativo (En letras Mayúsculas) Universidad Nacional de San Antonio Abad del Cusco
9 (RLIN) 15942
942 ## - ELEMENTOS DE PUNTO DE ACCESO ADICIONAL (KOHA)
Fuente de clasificación
Tipo de item Revistas cusqueñas
945 ## - PROCESAMIENTO DE INFORMACIÓN LOCAL (OCLC)
Catalogador rac
Holdings
Estado de retiro (separado) Fuente de clasificación o esquema de estanterías Estado dañado Ubicación Sala donde se ubica Nombre de la colección Fecha de adquisición o compra Costo, precio normal en soles Signatura topográfica Código de Barras Última vez visto (Koha) Tipo de ítem (Koha)
No     Sala Hemeroteca Sala Hemeroteca Book Cart 2021-07-14 10.00 Rev.Univ/N°119/1960 REVC000182 2021-07-14 Revistas cusqueñas
No     Sala Hemeroteca Sala Hemeroteca Book Cart 2021-07-14 10.00 Rev.Univ/N°119/1960/e.2 REVC000183 2021-07-14 Revistas cusqueñas
No     Sala Hemeroteca Sala Hemeroteca Book Cart 2021-07-14 10.00 Rev.Univ/N°119/1960/e.3 REVC000184 2021-07-14 Revistas cusqueñas
No     Sala Hemeroteca Sala Hemeroteca Book Cart 2021-07-14 10.00 Rev.Univ/N°119/1960/e.4 REVC000185 2021-07-14 Revistas cusqueñas
No     Sala Hemeroteca Sala Hemeroteca Book Cart 2021-07-14 10.00 Rev.Univ/N°119/1960/e.5 REVC000186 2021-07-14 Revistas cusqueñas
No     Sala Hemeroteca Sala Hemeroteca Book Cart 2021-07-14 10.00 Rev.Univ/N°119/1960/e.6 REVC000187 2021-07-14 Revistas cusqueñas
No     Sala Hemeroteca Sala Hemeroteca Book Cart 2021-07-14 10.00 Rev.Univ/N°119/1960/e.7 REVC000188 2021-07-14 Revistas cusqueñas

Powered by Koha